Fill in the lyrcis - Avenged Sevefold (Easy) - Statistics

General Stats
  • This quiz has been taken 28 times
  • The average score is 3 of 10
Answer Stats
Lyrics Missing word % Correct
Tell me a lie in a _____ way beautiful
77%
I'll ___ she said as she walked away try
77%
Will you stay ___ forever away
64%
Some are scared others ____ for fun killing
36%
I feel ___ every single time insane
27%
I _____ the fields through the fire walked
18%
____ sing of the end angels
9%
Once lived as ____ friends
9%
So ___ you're not here sorry
9%
Save your ___ or lie body
5%
No matching quizzes found
Score Distribution
Percent of People with Each Score
Percentile by Number Answered
Your Score History
You have not taken this quiz